Cutting the clean-up time for contaminated land (Record no. 72642)

MARC details
000 -LEADER
fixed length control field 01080cam a2200217 4500
001 - CONTROL NUMBER
control field WB3917-08
008 - FIXED-LENGTH DATA ELEMENTS--GENERAL INFORMATION
fixed length control field 030508n2003 000 0 eng u
035 ## - SYSTEM CONTROL NUMBER
System control number (Sirsi) u122224
245 ## - TITLE STATEMENT
Title Cutting the clean-up time for contaminated land
260 ## - PUBLICATION, DISTRIBUTION, ETC.
Date of publication, distribution, etc. 2003
490 ## - SERIES STATEMENT
Series statement RICS Environment Faculty News
Volume/sequential designation 8 May 2003 (1)
520 ## - SUMMARY, ETC.
Summary, etc. University of Greenwich scientists in collaboration with Lafarge Cement, Forkers and BOC Gases have developed a remediation method that takes just minutes to treat contaminated land, soils and waste. The process is called Accelerated Carbonation Technology (ACT). Many conventional remediation methods take days or weeks to work. http://www.rics.org/ricscms/bin/show?class=News&template=/includes/shownews.html&id=5687&faculty=Environment&faculty=All Faculties
590 ## - LOCAL NOTE (RLIN)
Local note WB
650 ## - SUBJECT ADDED ENTRY--TOPICAL TERM
Topical term or geographic name entry element CONTAMINATED LAND
650 ## - SUBJECT ADDED ENTRY--TOPICAL TERM
Topical term or geographic name entry element REMEDIATION METHODS
650 ## - SUBJECT ADDED ENTRY--TOPICAL TERM
Topical term or geographic name entry element ACCELERATED CARBONATION TECHNOLOGY
650 ## - SUBJECT ADDED ENTRY--TOPICAL TERM
Topical term or geographic name entry element CARBON DIOXIDE
650 ## - SUBJECT ADDED ENTRY--TOPICAL TERM
Topical term or geographic name entry element BUILT ENVIRONMENT-BUILDING MATERIALS
690 ## - LOCAL SUBJECT ADDED ENTRY--TOPICAL TERM (OCLC, RLIN)
Topical term or geographic name as entry element ENVIRONMENTAL AND LAND CONSULTANCY
942 ## - ADDED ENTRY ELEMENTS (KOHA)
Suppress in OPAC 0
Holdings
Withdrawn status Lost status Source of classification or shelving scheme Damaged status Not for loan Home library Current library Shelving location Date acquired Total Checkouts Full call number Barcode Date last seen Copy number Price effective from Koha item type
    Dewey Decimal Classification     London London News article 08/05/2003   WB3917-08 122224-1001 06/08/2019 1 06/08/2019 News article